<?xml version="1.0" encoding="UTF-8"?>
<record
    xmlns:xsi="http://www.w3.org/2001/XMLSchema-instance"
    xsi:schemaLocation="http://www.loc.gov/MARC21/slim http://www.loc.gov/standards/marcxml/schema/MARC21slim.xsd"
    xmlns="http://www.loc.gov/MARC21/slim">

  <leader>00792na  a2200205   4500</leader>
  <controlfield tag="001">21762</controlfield>
  <controlfield tag="003">MIRAKIL</controlfield>
  <controlfield tag="005">20181213155145.0</controlfield>
  <controlfield tag="008">170207b        tu            000 0      </controlfield>
  <datafield tag="040" ind1=" " ind2=" ">
    <subfield code="a">Milas</subfield>
    <subfield code="b">tur</subfield>
    <subfield code="c">TR-AnCHP</subfield>
  </datafield>
  <datafield tag="041" ind1=" " ind2=" ">
    <subfield code="a">tur</subfield>
  </datafield>
  <datafield tag="082" ind1=" " ind2=" ">
    <subfield code="a">351.7222</subfield>
    <subfield code="b">I45 2007</subfield>
  </datafield>
  <datafield tag="090" ind1=" " ind2=" ">
    <subfield code="a">351.7222 &#x130;45 2007</subfield>
  </datafield>
  <datafield tag="245" ind1=" " ind2=" ">
    <subfield code="a">2007 mali y&#x131;l&#x131; genel ve katma b&#xFC;t&#xE7;e kanun tasar&#x131;lar&#x131; ile 2005 mali y&#x131;l&#x131; genel ve katma b&#xFC;t&#xE7;e kesin hesap kanunu tasar&#x131;lar&#x131;n&#x131;n plan ve b&#xFC;t&#xE7;e komisyonu g&#xF6;r&#xFC;&#x15F;me tutanaklar&#x131; </subfield>
  </datafield>
  <datafield tag="260" ind1=" " ind2=" ">
    <subfield code="a">[Ankara]</subfield>
    <subfield code="b">[yayl. y.]</subfield>
    <subfield code="c">2006</subfield>
  </datafield>
  <datafield tag="300" ind1=" " ind2=" ">
    <subfield code="a">112 s.</subfield>
    <subfield code="c">23 sm.</subfield>
  </datafield>
  <datafield tag="505" ind1=" " ind2=" ">
    <subfield code="a">B&#xFC;t&#xE7;e ve kesinhesap kanunu tasar&#x131;lar&#x131;n&#x131;n t&#xFC;m&#xFC; &#xFC;zerine g&#xF6;r&#xFC;&#x15F;meler</subfield>
  </datafield>
  <datafield tag="650" ind1=" " ind2=" ">
    <subfield code="a">B&#xFC;t&#xE7;e ve kesinhesap kanunu tasar&#x131;lar&#x131;</subfield>
    <subfield code="x">B&#xFC;t&#xE7;e Komisyonu</subfield>
    <subfield code="y">Tutanaklar, 2007</subfield>
  </datafield>
  <datafield tag="942" ind1=" " ind2=" ">
    <subfield code="2">ddc</subfield>
    <subfield code="c">BKS</subfield>
  </datafield>
  <datafield tag="952" ind1=" " ind2=" ">
    <subfield code="a">0001</subfield>
    <subfield code="b">0001</subfield>
    <subfield code="d">2017-02-07</subfield>
    <subfield code="e">2</subfield>
    <subfield code="l">0</subfield>
    <subfield code="o">351.7222 &#x130;45 2007</subfield>
    <subfield code="p">012297</subfield>
    <subfield code="r">2017-02-07 00:00:00</subfield>
    <subfield code="v">0.00</subfield>
    <subfield code="w">2017-02-07</subfield>
    <subfield code="y">BKS</subfield>
  </datafield>
  <datafield tag="999" ind1=" " ind2=" ">
    <subfield code="c">7630</subfield>
    <subfield code="d">7630</subfield>
  </datafield>
</record>
